The brain as an organ of mind /

Bibliographic Details
Main Author: Bastian, H. Charlton
Corporate Author: University of Connecticut. Libraries
Format: eBook
Language:English
Published: New York : D. Appleton and Company, 1896.
Subjects:
Online Access:Connect to the full text of this electronic book

MARC

Tag First Indicator Second Indicator Subfields
LEADER 00000cam a2200000Ia 4500
001 in00003523328
005 20190407115731.0
006 m o d
007 cr cn|||||||||
008 100701s1896 nyua ob 001 0 eng d
019 |a 883635969 
035 |a (OCoLC)ocn645451014 
035 |a (OCoLC)645451014  |z (OCoLC)883635969 
040 |a UCW  |b eng  |c UCW  |d OCLCQ  |d OCLCE  |d OCLCF  |d OCLCO  |d UtOrBLW 
042 |a dlr 
049 |a TXAM 
050 1 4 |a QL933  |b .B3 1896 
100 1 |a Bastian, H. Charlton. 
245 1 4 |a The brain as an organ of mind /  |c by H. Charlton Bastian. 
264 1 |a New York :  |b D. Appleton and Company,  |c 1896. 
300 |a 1 online resource (xi, 708 pages) :  |b illustrations  
336 |a text  |b txt  |2 rdacontent 
337 |a computer  |b c  |2 rdamedia 
338 |a online resource  |b cr  |2 rdacarrier 
504 |a Includes bibliographical references and index. 
538 |a Master and use copy. Digital master created according to Benchmark for Faithful Digital Reproductions of Monographs and Serials, Version 1. Digital Library Federation, December 2002.  |u http://purl.oclc.org/DLF/benchrepro0212  |5 MiAaHDL 
583 1 |a digitized  |c 2011  |h HathiTrust Digital Library  |l committed to preserve  |2 pda  |5 MiAaHDL 
500 |a Electronic resource. 
650 1 2 |a Brain  |x anatomy & histology. 
650 2 2 |a Nervous System Physiological Phenomena. 
650 0 |a Brain  |x Anatomy. 
650 0 |a Nervous system. 
650 0 |a Psychology, Comparative. 
650 7 |a Brain  |x Anatomy.  |2 fast  |0 (OCoLC)fst00837578 
650 7 |a Nervous system.  |2 fast  |0 (OCoLC)fst01036080 
650 7 |a Psychology, Comparative.  |2 fast  |0 (OCoLC)fst01081577 
655 7 |a Electronic books.  |2 local 
710 2 |a University of Connecticut.  |b Libraries. 
730 0 |a PsycBOOKs. 
776 1 |c Original  |w (OCoLC)260323580 
856 4 0 |u http://proxy.library.tamu.edu/login?url=http://search.ebscohost.com/direct.asp?db=pzh&jid=200903115&scope=site  |z Connect to the full text of this electronic book  |t 0 
994 |a 92  |b TXA 
999 |a MARS 
999 f f |s bf6888ea-c423-38c8-9601-4224c6a9a266  |i aedc2d0b-5ae5-3af8-b6a1-058008716350  |t 0 
952 f f |a Texas A&M University  |b College Station  |c Electronic Resources  |d Available Online  |t 0  |e QL933 .B3 1896  |h Library of Congress classification 
998 f f |a QL933 .B3 1896  |t 0  |l Available Online